Loading...
| Fine Arts - Classical Music | 0 | 5 | 1 | 1 | 45 | 58 | 86.40 | 2 | 2 | 0.00 | 0.00 |
| Science - Biology | 0 | 4 | 0 | 0 | 40 | 11 | 61.25 | 0 | 1 | 0.00 | 0.00 |
| Current Events | 0 | 3 | 0 | 0 | 30 | 31 | 49.33 | 1 | 2 | 0.00 | 0.00 |
| Fine Arts - Other | 0 | 4 | 2 | 0 | 30 | 35 | 62.00 | 0 | 2 | 0.00 | 0.00 |
| Painting/Sculpture | 0 | 3 | 0 | 0 | 30 | 72 | 88.33 | 0 | 1 | 0.00 | 0.00 |
| Science - Chemistry | 0 | 3 | 0 | 1 | 30 | 61 | 76.00 | 1 | 2 | 0.00 | 0.00 |
| Science - Other | 0 | 3 | 1 | 1 | 25 | 23 | 69.00 | 1 | 1 | 0.00 | 0.00 |
| History - American | 0 | 3 | 1 | 1 | 25 | 82 | 87.67 | 0 | 0 | 0.00 | 0.00 |
| Science - Physics | 0 | 3 | 1 | 1 | 25 | 70 | 86.00 | 0 | 0 | 0.00 | 0.00 |
| Mythology | 0 | 2 | 0 | 1 | 20 | 52 | 79.50 | 0 | 1 | 0.00 | 0.00 |
| History - Other | 0 | 2 | 1 | 0 | 15 | 78 | 81.00 | 0 | 1 | 0.00 | 0.00 |
| Literature - European | 0 | 1 | 0 | 0 | 10 | 103 | 103.00 | 0 | 1 | 0.00 | 0.00 |
| Literature - British | 0 | 1 | 0 | 0 | 10 | 119 | 119.00 | 0 | 0 | 0.00 | 0.00 |
| Pop Culture | 0 | 1 | 0 | 0 | 10 | 61 | 61.00 | 0 | 0 | 0.00 | 0.00 |
| Religion | 0 | 1 | 0 | 0 | 10 | 63 | 63.00 | 0 | 1 | 0.00 | 0.00 |
| Geography | 0 | 1 | 1 | 0 | 5 | 47 | 47.00 | 1 | 1 | 0.00 | 0.00 |
| Social Science | 0 | 1 | 1 | 0 | 5 | 58 | 58.00 | 0 | 1 | 0.00 | 0.00 |
| Literature - American | 0 | 0 | 0 | 0 | 0 | 0.00 | 0 | 0 | 0.00 | 0.00 | |
| History - World | 0 | 0 | 1 | 0 | -5 | 0.00 | 0 | 0 | 0.00 | 0.00 |